[Event "Norm Congress-IM 2019"]
[Site "Saint Louis"]
[Date "2019.05.17"]
[Round "2.5"]
[White "Torres Rosas, Luis Carlos"]
[Black "Grabinsky, Aaron"]
[Result "1-0"]
[WhiteElo "2320"]
[BlackElo "2338"]
[Annotator "TA"]
[PlyCount "45"]
[EventDate "2019.05.16"]
[EventType "tourn"]
[EventCountry "USA"]
[SourceTitle "playchess.com"]
[Source "ChessBase"]
[SourceQuality "1"]

{[%evp 9,83,43,43,43,48,39,44,39,43,30,41,45,47,43,36,6,9,7,9,-8,-20,-12,2,1,10,0,47,53,94,120,254,256,255,235,209,242,777,774,768,738,762,746,683,526,527,484,1480,411,386,399,402,395,388,387,435,435,435,435,550,435,435,435,434,417,435,429,457,442,581,579,572,566,520,452,551,551]} 1. d4 e6 2. c4 Bb4+ 3. Bd2 Qe7 4. e4 Bxd2+ (4... Nf6 5. Bxb4 Qxb4+ 6. Qd2 Qxd2+ 7. Nxd2 d6 8. f4 c5 9. dxc5 dxc5 10. e5 Ng4 11. Bd3 Nc6 12. h3 {1-0 (42) Karpov,A (2616)-Bauer,C (2664) Cap d'Agde 2012}) 5. Qxd2 d6 6. Nc3 {A40: Unusual replies to 1 d4} Nf6 7. Bd3 e5 8. Nge2 {White is slightly better.} Nc6 9. d5 Nb4 $146 ({Predecessor:} 9... Nd4 10. Nxd4 exd4 11. Nb5 a6 12. Nxd4 Nxe4 {½-½ (34) From,S-Hansen,J Denmark 1983}) 10. Bb1 a5 11. a3 Na6 12. b4 O-O 13. O-O Bd7 14. Nb5 Rfd8 15. Rd1 c6 16. dxc6 Bxc6 17. Ng3 {[%cal Rb5d6]} ({But not} 17. bxa5 Nc5 $15) 17... axb4 18. axb4 {[%cal Rb5d6]} d5 19. exd5 Bxb5 (19... Nxd5 $16 {keeps fighting.} 20. cxd5 Rxd5) 20. d6 $18 ({Weaker is} 20. cxb5 Rxd5 21. Bd3 Nc7 $11) 20... Qe8 21. cxb5 Qxb5 {[#]} 22. Nf5 $1 {Strongly threatening Qg5!} Nh5 $2 (22... h6 23. Nxh6+ Kf8) 23. Nh6+ {Played: Qd2-g5} 1-0

[Event "Norm Congress-IM 2019"]
[Site "Saint Louis"]
[Date "2019.05.17"]
[Round "3.1"]
[White "Grabinsky, Aaron"]
[Black "Kiewra, Keaton"]
[Result "1/2-1/2"]
[WhiteElo "2338"]
[BlackElo "2375"]
[Annotator "TA"]
[PlyCount "135"]
[EventDate "2019.05.16"]
[EventType "tourn"]
[EventCountry "USA"]
[SourceTitle "playchess.com"]
[Source "ChessBase"]
[SourceQuality "1"]

{[%evp 9,135,-21,0,6,8,15,21,-3,31,35,34,25,41,41,51,27,51,55,51,32,48,55,41,26,22,14,28,26,81,32,27,14,31,29,54,12,10,6,31,0,35,31,44,-8,24,0,25,0,0,-26,0,0,0,-58,-49,-67,-67,-35,-7,-8,0,0,0,0,0,0,0,0,0,0,0,0,48,58,53,64,111,112,108,91,89,83,123,132,131,120,311,304,304,304,304,205,152,121,128,136,133,133,128,123,121,120,139,139,104,112,120,91,88,8,8,8,8,0,0,0,1,0,0,0,0,0,0,0,0,0,0,0]} 1. b3 Nf6 2. Bb2 g6 3. Bxf6 exf6 4. c4 Bg7 5. Nc3 f5 6. g3 {A01: Nimzowitsch-Larsen Opening} (6. Rc1 c5 7. g3 O-O 8. Bg2 Nc6 9. Nh3 g5 10. f4 h6 11. O-O d6 12. fxg5 hxg5 {1-0 (40) Rapport,R (2709)-Naiditsch,A (2711) Jurmala 2015}) 6... h5 7. h4 Nc6 {[%cal Bb8c6,Bc6e5,Be5g4][%mdl 32]} 8. e3 Ne5 $146 ({Predecessor:} 8... b6 9. d4 Bb7 10. Bg2 O-O 11. Nh3 Na5 12. Nd5 c6 {1-0 (40) Avalos,J (1661)-Alvarez,L (2111) Laguna Paiva 2018}) 9. d4 Ng4 10. Bg2 a6 11. Nge2 Rb8 12. c5 b6 13. cxb6 Rxb6 14. Rc1 Bb7 15. Bxb7 Rxb7 16. Nf4 O-O 17. O-O Bh6 18. Qf3 Qa8 (18... Qb8 $11) 19. Nd3 Ra7 20. Nd5 Qd8 21. Rc4 a5 22. Nc3 c6 23. d5 Re8 {[%cal Rg4e3]} 24. Re1 (24. e4 {with more complications.} Rxe4 25. Rxe4 fxe4 26. Nxe4 a4 27. b4) 24... Kh7 25. Re2 (25. dxc6 dxc6 26. e4 (26. Qxc6 Rd7 $17) 26... Rd7 $15) 25... Bg7 26. Na4 (26. dxc6 $2 dxc6 27. Rd4 Bxd4 $19) (26. Rc2 $14) 26... Nf6 27. Nc3 a4 28. bxa4 Ng4 29. Rc2 (29. dxc6 $2 dxc6 30. e4 Rd7 $19) 29... Qb8 30. Kg2 Qd6 31. e4 (31. Qf4 $11 Qxf4 32. exf4 (32. Nxf4 Rxe3 33. dxc6 dxc6 $11)) 31... Bxc3 $15 32. R2xc3 {[%cal Rd5c6]} cxd5 33. exd5 Ra5 34. Rd4 Rea8 35. Rcc4 Qa3 36. Ne5 $36 {[%mdl 2048] White has some pressure.} Qxf3+ 37. Nxf3 Kg7 38. Rb4 d6 39. Nd2 Nf6 40. Nb3 R5a7 41. a5 Nd7 42. Rb5 Kf6 43. Rdb4 Nc5 44. Nxc5 dxc5 $16 {[%mdl 4096] Endgame KRR-KRR} 45. Ra4 $1 c4 46. Kf3 ({But not} 46. Rxc4 $6 Rxa5 47. Rb6+ Kg7 $11) 46... Rc8 47. Ke2 $1 c3 $2 (47... Ke5 $16 {keeps fighting.}) 48. Kd1 $18 Re7 {( -> ...c2+)} 49. Rb6+ Ke5 50. Rc6 Rd8 51. a6 ({Don't play} 51. Rxc3 $6 Rxd5+ 52. Kc2 Ra7 $14) 51... Kxd5 52. Rxc3 Ra8 53. Ra5+ Kd6 54. Kd2 Rea7 55. Rca3 Rc8 {[#]} 56. Rd3+ $1 Ke6 57. Rc3 Rd8+ {[#]} 58. Kc2 $1 Rd6 59. a4 ({White should try} 59. Re3+ $16 Kf6 60. Rea3) 59... Rdxa6 $11 {The position is equal.} 60. Rxa6+ Rxa6 {KR-KR} 61. Ra3 f4 62. a5 f6 63. Kc3 Kf5 64. Kc4 {aiming for Kb5.} Kg4 65. Kb5 Ra8 66. a6 {Kb6 is the strong threat.} g5 $1 67. hxg5 fxg5 68. Kb6 {Accuracy: White = 63%, Black = 43%.} 1/2-1/2

[Event "Norm Congress-IM 2019"]
[Site "Saint Louis"]
[Date "2019.05.17"]
[Round "3.2"]
[White "Giannatos, Peter"]
[Black "Torres Rosas, Luis Carlos"]
[Result "0-1"]
[WhiteElo "2290"]
[BlackElo "2320"]
[Annotator "TA"]
[PlyCount "84"]
[EventDate "2019.05.16"]
[EventType "tourn"]
[EventCountry "USA"]
[SourceTitle "playchess.com"]
[Source "ChessBase"]
[SourceQuality "1"]

{[%evp 22,84,-40,-56,-39,-56,-39,-58,-60,-66,-65,-70,-46,-77,-67,-77,-66,-98,-81,-92,-85,-83,-33,-27,-36,-33,-46,-28,-22,-33,-26,-111,-93,-92,-90,-77,-92,-72,-66,-81,-25,-19,-31,-35,-20,-19,-8,-18,-18,-18,-18,-18,-18,-8,-8,-8,-17,-113,-106,-168,-180,-258,-261,-29998,-29999]} 1. Nf3 Nf6 2. g3 e6 3. Bg2 d5 4. O-O Be7 5. d3 c5 6. Nbd2 Nc6 7. e4 Qc7 8. Re1 O-O 9. Qe2 b5 10. e5 Nd7 11. Nf1 Bb7 12. h4 Rfc8 {C00: French: Unusual White 2nd moves} 13. Bg5 (13. Bd2 b4 14. N1h2 Qd8 15. Bg5 h6 16. Bxe7 Nxe7 17. Qd2 a5 18. h5 c4 19. Nd4 Nc6 20. Nhf3 Nxd4 21. Nxd4 cxd3 22. cxd3 {1-0 (63) Nepomniachtchi,I (2751)-Dominguez Perez,L (2739) Saint Louis 2017}) 13... Bf8 14. N1h2 $146 ({Predecessor:} 14. c3 a5 15. N1h2 a4 16. a3 d4 17. Bf4 dxc3 18. bxc3 Nb6 19. Ng4 Nd5 20. Bd2 {1-0 (36) Gvetadze,S (2325)-Di Benedetto,D (2321) Batumi 2018}) 14... a5 {[%cal Ba7a5,Ba5a4][%mdl 32] Black is slightly better.} 15. Ng4 h6 16. Bf4 Qd8 17. h5 a4 18. a3 b4 19. c3 bxc3 20. bxc3 Ba6 21. Nh4 Ne7 22. c4 {[#] Strongly threatening cxd5.} Bb7 23. Ne3 {And now cxd5 would win.} Nb6 24. Rab1 Bc6 25. Ng4 Nd7 26. Bh3 (26. Ne3 $11 {keeps the balance.} d4 27. Bxc6 Rxc6 28. Ng4) 26... Rab8 27. Qc2 Rxb1 28. Rxb1 Rb8 29. Bg2 Rxb1+ 30. Qxb1 Qb6 (30... Qa5 $17 31. cxd5 Nxd5) 31. Qxb6 $1 $11 Nxb6 32. Bf1 $1 dxc4 33. dxc4 Be4 34. f3 Bb1 {Black wants to play ...Ba2.} 35. Bd2 $1 Nc6 $36 {[%mdl 2048] ...Ba2 is the strong threat. Black fights for an advantage.} 36. f4 Nd4 37. Ba5 Nd7 38. Ne3 f6 39. exf6 (39. Bc7 $11 {remains equal.}) 39... Nxf6 $17 ({Much weaker is} 39... gxf6 $6 40. Bc7 $15) 40. g4 (40. Kf2 $17) 40... Bd6 $19 41. Nhg2 {[#]} (41. Ng6 {is a better defense.}) 41... Ne4 $1 {( -> ...Nf3+)} 42. Nd1 $2 (42. Kh2 $19) 42... Nf3+ 0-1

[Event "Norm Congress-IM 2019"]
[Site "Saint Louis"]
[Date "2019.05.17"]
[Round "3.4"]
[White "Rosen, Eric"]
[Black "Gauri, Shankar"]
[Result "1/2-1/2"]
[WhiteElo "2338"]
[BlackElo "2375"]
[Annotator "TA"]
[PlyCount "25"]
[EventDate "2019.05.16"]
[EventType "tourn"]
[EventCountry "USA"]
[SourceTitle "playchess.com"]
[Source "ChessBase"]
[SourceQuality "1"]

{[%evp 9,14,-8,-7,-13,-8,0,-5]} 1. d4 Nf6 2. Bf4 c5 3. e3 d5 4. c3 Nc6 5. Nd2 Bf5 {The position is equal.} (5... Qb6 6. Qb3 Nh5 7. Qxb6 axb6 8. Bc7 cxd4 9. exd4 e5 10. Bxe5 Nxe5 11. dxe5 Bc5 12. g3 O-O {1-0 (76) Aronian,L (2765)-Caruana,F (2832) London 2018}) 6. Qb3 {D00: 1 d4 d5: Unusual lines} Qd7 7. Ngf3 c4 {Predecessor:} 8. Qd1 $146 e6 9. Be2 h6 10. Ne5 Nxe5 11. Bxe5 Be7 12. b3 cxb3 13. axb3 {½-½ (26) Nisipeanu,L (2682)-Ragger,M (2666) Graz 2018} 1/2-1/2

[Event "Norm Congress-IM 2019"]
[Site "Saint Louis"]
[Date "2019.05.17"]
[Round "3.5"]
[White "Jacobson, Aaron"]
[Black "Wu, Rochelle"]
[Result "1/2-1/2"]
[WhiteElo "2311"]
[BlackElo "2174"]
[Annotator "TA"]
[PlyCount "77"]
[EventDate "2019.05.16"]
[EventType "tourn"]
[EventCountry "USA"]
[SourceTitle "playchess.com"]
[Source "ChessBase"]
[SourceQuality "1"]

{[%evp 14,77,1,5,1,2,6,4,39,32,35,35,33,21,51,44,61,62,68,49,60,49,77,72,68,60,67,29,89,86,103,76,73,62,54,53,58,53,54,57,73,66,66,60,66,0,0,0,9,0,0,0,0,0,0,0,0,0,0,0,0,0,0,0,0,0]} 1. e4 c5 2. Nf3 d6 3. d4 cxd4 4. Nxd4 Nf6 5. Nc3 a6 6. Be2 e5 7. Nf3 Be7 8. Bg5 Be6 {B92: Sicilian Najdorf: 6 Be2} 9. Bxf6 Bxf6 10. Qd2 (10. O-O O-O 11. Qd2 Be7 12. Nd5 Nd7 13. Nxe7+ Qxe7 14. Rfd1 Rac8 15. c3 Rc6 16. Ng5 Nf6 17. Nxe6 fxe6 18. Qe3 Qc7 {½-½ (45) Harikrishna,P (2730)-Shankland,S (2731) Prague 2019}) 10... Nc6 11. Nd5 Bxd5 12. Qxd5 Qb6 13. Qb3 $146 ({Predecessor:} 13. Rb1 Ne7 14. Qb3 Qxb3 15. axb3 d5 16. O-O {½-½ (58) Zontakh,A (2507)-Gomes,M (2302) St Petersburg 2018}) 13... Qxb3 14. axb3 Nd4 15. Nxd4 exd4 16. Ra2 Ke7 17. Bd3 g5 18. Ke2 h5 19. Rha1 Be5 20. b4 Rac8 (20... Bxh2 $11 {keeps the balance.} 21. b5 h4) 21. Ra5 $16 g4 22. b5 Bxh2 23. bxa6 bxa6 24. g3 {[#] Rh1 is the strong threat.} h4 25. gxh4 Rxh4 26. Rxa6 g3 27. fxg3 Bxg3 28. Ra7+ Ke6 29. b3 ({Better is} 29. Rf1 $14) 29... Rh2+ $1 $11 {The position is equal.} 30. Kf3 Be5 31. Bc4+ Rxc4 $1 32. bxc4 Rxc2 {[%mdl 4096] Endgame KRR-KRB} 33. Rc7 Rc3+ 34. Kf2 Rc2+ 35. Kf3 Rc3+ 36. Kf2 Rc2+ 37. Kf1 f5 38. exf5+ Kxf5 39. Re1 {Accuracy: White = 59%, Black = 51%.} 1/2-1/2

[Event "Norm Congress-IM 2019"]
[Site "Saint Louis"]
[Date "2019.05.18"]
[Round "4.1"]
[White "Kiewra, Keaton"]
[Black "Wu, Rochelle"]
[Result "1-0"]
[WhiteElo "2375"]
[BlackElo "2174"]
[Annotator "TA"]
[PlyCount "115"]
[EventDate "2019.05.16"]
[EventType "tourn"]
[EventCountry "USA"]
[SourceTitle "playchess.com"]
[Source "ChessBase"]
[SourceQuality "1"]

{[%evp 9,115,0,0,0,0,-3,36,31,29,0,15,12,16,0,0,5,4,-21,-13,-16,22,0,0,0,0,0,37,-6,0,0,0,-13,0,0,62,55,88,89,114,103,207,122,116,114,116,126,130,118,221,197,278,275,481,481,621,604,606,588,563,401,402,337,333,331,293,242,318,284,283,229,228,230,283,283,276,283,278,277,376,358,444,331,341,315,340,325,370,372,374,370,402,402,631,573,565,547,760,729,655,573,589,575,956,887,1345,1466,29986,29987]} 1. d4 Nf6 2. Bg5 d5 3. Nd2 c6 4. e3 Bf5 5. Ngf3 Nbd7 6. Be2 {D03: 1 d4 d5 2 Nf3 Nf6 3 Bg5, including Torre Attack with early ...d5} Qb6 7. Qc1 Rc8 $146 ({Predecessor:} 7... e6 8. O-O h6 9. Bh4 Be7 10. Ne5 Nxe5 11. dxe5 Nd7 12. Bg3 {0-1 (41) Parshin,M (1956)-Tihonov,J (2399) Orsha 2019}) 8. O-O {White is slightly better.} c5 9. c3 e6 10. a4 Be7 11. Nh4 Be4 12. f3 Bg6 13. Nxg6 hxg6 14. f4 Ng8 15. Bb5 Qc7 16. Nf3 $36 {[%mdl 2048] White has the initiative.} a6 17. Bd3 Bf6 18. h4 Ne7 19. g4 Nc6 20. Kg2 Qb6 21. Qb1 Ne7 (21... Kf8 $11) 22. a5 $14 Qc7 23. b4 cxb4 24. cxb4 Qc3 (24... Qd6 $16) 25. Rc1 (25. b5 $1 $18) 25... Qxc1 $16 26. Qxc1 Rxc1 27. Rxc1 Kd8 28. b5 Nb8 (28... axb5 $16 29. Bxb5 Nc8) 29. bxa6 bxa6 (29... Nxa6 {keeps fighting.} 30. Ne5 Rf8 31. Bxa6 bxa6) 30. Ne5 $18 Bxe5 $2 (30... Rf8 31. Kg3 Ng8) 31. fxe5 Re8 32. Rf1 Rf8 {[#]} 33. Bxg6 $1 {[%mdl 512]} Ke8 (33... fxg6 34. Rxf8+) 34. Bd3 Nec6 35. Rb1 Kd7 36. h5 Nxa5 37. Bf4 Kc6 38. Rc1+ Nc4 39. Bxc4 dxc4 40. Rxc4+ {[%mdl 4096] Endgame KRB-KRN} Kb5 41. Rc5+ Kb6 42. e4 a5 43. Be3 Na6 44. Rc1 a4 45. g5 Kb5 46. d5 ({Less strong is} 46. h6 gxh6 47. gxh6 a3 $18) 46... a3 47. d6 Nb4 48. Rc5+ ({Much less strong is} 48. h6 a2 $18) 48... Ka4 49. Rc7 a2 {[#] intending ...Nc2!} 50. Bd4 $1 Kb3 (50... Na6 $142 51. Ra7 Kb5) 51. h6 gxh6 52. gxh6 Nc2 53. Bc3 Ne3+ 54. Kf3 Nc4 {[#]} 55. Ba1 $1 {d7 is the strong threat.} f6 56. exf6 e5 57. d7 Rxf6+ 58. Ke2 {Accuracy: White = 72%, Black = 38%.} 1-0

[Event "Norm Congress-IM 2019"]
[Site "Saint Louis"]
[Date "2019.05.18"]
[Round "4.2"]
[White "Gauri, Shankar"]
[Black "Jacobson, Aaron"]
[Result "1/2-1/2"]
[WhiteElo "2375"]
[BlackElo "2311"]
[Annotator "ChessBase"]
[PlyCount "226"]
[EventDate "2019.05.16"]
[EventType "tourn"]
[EventCountry "USA"]
[SourceTitle "playchess.com"]
[Source "ChessBase"]
[SourceQuality "1"]
[TimeControl "5400+30"]

1. d4 {[%emt 0:03:34]} d5 {[%emt 0:00:00]} 2. Nf3 {[%emt 0:03:27]} Nf6 {[%emt 0:00:11]} 3. c4 {[%emt 0:00:07]} e6 {[%emt 0:00:05]} 4. g3 {[%emt 0:00:03]} Bb4+ {[%emt 0:02:00]} 5. Nbd2 {[%emt 0:01:05]} dxc4 {[%emt 0:00:39]} 6. Bg2 {[%emt 0:00:25]} b5 {[%emt 0:08:16]} 7. Ne5 {[%emt 0:01:49]} Nd5 {[%emt 0:01:46]} 8. O-O {[%emt 0:08:15]} Bb7 {[%emt 0:01:28]} 9. Qc2 {[%emt 0:12:32]} Be7 {[%emt 0:21:47]} 10. a3 {[%emt 0:04:48]} a5 {[%emt 0:00:37]} 11. b3 {[%emt 0:15:03]} c3 {[%emt 0:03:49]} 12. Ne4 {[%emt 0:00:06]} b4 {[%emt 0:05:13]} 13. Nc5 {[%emt 0:00:07]} Bxc5 {[%emt 0:01:09]} 14. dxc5 {[%emt 0:00:02]} Nc6 {[%emt 0:09:20]} 15. Nxc6 {[%emt 0:07:05]} Bxc6 {[%emt 0:00:10]} 16. e4 {[%emt 0:09:21]} Nf6 {[%emt 0:01:19]} 17. Bg5 {[%emt 0:04:30]} O-O {[%emt 0:03:39]} 18. Rfd1 {[%emt 0:03:29]} Qe7 {[%emt 0:15:25]} 19. e5 {[%emt 0:06:25]} Bxg2 {[%emt 0:00:08]} 20. Kxg2 {[%emt 0:02:20]} Qxc5 {[%emt 0:00:19]} 21. exf6 {[%emt 0:02:09]} Qxg5 {[%emt 0:01:12]} 22. axb4 {[%emt 0:00:14]} axb4 {[%emt 0:01:20]} 23. Rxa8 {[%emt 0:00:49]} Rxa8 {[%emt 0:00:06]} 24. Qe4 {[%emt 0:00:22]} Rf8 {[%emt 0:02:25]} 25. Qxb4 {[%emt 0:00:46]} Qxf6 {[%emt 0:01:56]} 26. Rc1 {[%emt 0:00:44]} Qf5 {[%emt 0:05:06]} 27. Qxc3 {[%emt 0:00:49]} Rc8 {[%emt 0:01:57]} 28. h4 {[%emt 0:05:51]} c6 {[%emt 0:03:00]} 29. b4 {[%emt 0:00:15]} Qd5+ {[%emt 0:03:32]} 30. Kh2 {[%emt 0:00:01]} Kf8 {[%emt 0:00:24]} 31. Rc2 {[%emt 0:00:23]} h6 {[%emt 0:02:11]} 32. Rd2 {[%emt 0:00:32]} Qf5 {[%emt 0:01:19]} 33. Qd4 {[%emt 0:02:20]} e5 {[%emt 0:01:16]} 34. Qc5+ {[%emt 0:01:17]} Kg8 {[%emt 0:00:04]} 35. Re2 {[%emt 0:00:53]} f6 {[%emt 0:00:45]} 36. Rc2 {[%emt 0:04:30]} Rb8 {[%emt 0:02:20]} 37. Qxc6 {[%emt 0:01:03]} Rxb4 {[%emt 0:00:08]} 38. Qc8+ {[%emt 0:00:28]} Qxc8 {[%emt 0:00:04]} 39. Rxc8+ {[%emt 0:00:02]} Kh7 {[%emt 0:00:36]} 40. Rc7 {[%emt 0:00:49]} h5 {[%emt 0:00:10]} 41. Kg2 {[%emt 0:00:02]} Kg6 {[%emt 0:00:13]} 42. Re7 {[%emt 0:00:12]} Ra4 {[%emt 0:00:28]} 43. Rb7 {[%emt 0:00:03]} Ra6 {[%emt 0:00:39]} 44. Re7 {[%emt 0:00:04]} Rc6 {[%emt 0:00:04]} 45. Kf1 {[%emt 0:00:14]} Rc8 {[%emt 0:01:49]} 46. Kg2 {[%emt 0:00:03]} Rg8 {[%emt 0:00:58]} 47. Ra7 {[%emt 0:01:45]} Kf5 {[%emt 0:00:17]} 48. Rb7 {[%emt 0:00:22]} g6 {[%emt 0:00:46]} 49. Rb6 {[%emt 0:00:04]} Re8 {[%emt 0:00:29]} 50. Rb5 {[%emt 0:00:47]} Ke6 {[%emt 0:00:46]} 51. Rb6+ {[%emt 0:00:02]} Kf7 {[%emt 0:00:08]} 52. Kf3 {[%emt 0:00:19]} Re6 {[%emt 0:00:10]} 53. Rb7+ {[%emt 0:00:07]} Re7 {[%emt 0:00:05]} 54. Rb6 {[%emt 0:00:08]} Rd7 {[%emt 0:01:08]} 55. Ra6 {[%emt 0:00:05]} Ke7 {[%emt 0:00:12]} 56. Rb6 {[%emt 0:00:09]} Rd3+ {[%emt 0:00:13]} 57. Ke2 {[%emt 0:00:33]} Rd6 {[%emt 0:00:28]} 58. Rb7+ {[%emt 0:00:07]} Ke6 {[%emt 0:00:08]} 59. Rb5 {[%emt 0:00:31]} Ra6 {[%emt 0:00:26]} 60. Kf3 {[%emt 0:01:18]} Kd6 {[%emt 0:00:16]} 61. Ke2 {[%emt 0:00:35]} Ke6 {[%emt 0:01:02]} 62. Kf3 {[%emt 0:00:09]} Kf5 {[%emt 0:00:05]} 63. Kg2 {[%emt 0:00:13]} Rd6 {[%emt 0:00:50]} 64. Ra5 {[%emt 0:00:01]} Ke6 {[%emt 0:01:11]} 65. Kf3 {[%emt 0:01:10]} f5 {[%emt 0:00:59]} 66. Ke3 {[%emt 0:00:50]} Rb6 {[%emt 0:00:10]} 67. Kf3 {[%emt 0:00:43]} Kf6 {[%emt 0:00:02]} 68. Kg2 {[%emt 0:00:41]} Re6 {[%emt 0:00:09]} 69. Kf3 {[%emt 0:00:10]} Rc6 {[%emt 0:01:51]} 70. Kg2 {[%emt 0:00:24]} Rb6 {[%emt 0:00:11]} 71. Kf3 {[%emt 0:00:02]} Rd6 {[%emt 0:01:03]} 72. Kg2 {[%emt 0:00:20]} Re6 {[%emt 0:00:04]} 73. Kf3 {[%emt 0:00:03]} g5 {[%emt 0:00:39]} 74. hxg5+ {[%emt 0:00:08]} Kxg5 {[%emt 0:00:03]} 75. Ra8 {[%emt 0:00:26]} e4+ {[%emt 0:01:03]} 76. Ke3 {[%emt 0:00:44]} Rd6 {[%emt 0:01:09]} 77. Rg8+ {[%emt 0:00:02]} Rg6 {[%emt 0:00:05]} 78. Rh8 {[%emt 0:00:05]} Kg4 {[%emt 0:00:21]} 79. Rh7 {[%emt 0:00:01]} Rg8 {[%emt 0:00:06]} 80. Rh6 {[%emt 0:00:14]} Rg5 {[%emt 0:00:26]} 81. Rh8 {[%emt 0:00:19]} Rg6 {[%emt 0:00:31]} 82. Rh7 {[%emt 0:00:02]} Rg8 {[%emt 0:00:19]} 83. Rh6 {[%emt 0:00:52]} Rd8 {[%emt 0:01:12]} 84. Rg6+ {[%emt 0:00:06]} Kh3 {[%emt 0:00:03]} 85. Rg5 {[%emt 0:00:17]} Rd3+ {[%emt 0:00:16]} 86. Ke2 {[%emt 0:00:02]} Rf3 {[%emt 0:00:20]} 87. Kf1 {[%emt 0:04:26]} e3 {[%emt 0:00:12]} 88. Rxh5+ {[%emt 0:00:00]} Kg4 {[%emt 0:00:03]} 89. Rh4+ {[%emt 0:00:00]} Kg5 {[%emt 0:00:02]} 90. Rh2 {[%emt 0:00:41]} exf2 {[%emt 0:00:47]} 91. Rxf2 {[%emt 0:04:31]} Kg4 {[%emt 0:00:06]} 92. Kg2 {[%emt 0:00:31]} Rxg3+ {[%emt 0:00:04]} 93. Kh2 {[%emt 0:00:05]} Rh3+ {[%emt 0:01:37]} 94. Kg2 {[%emt 0:00:06]} Ra3 {[%emt 0:00:59]} 95. Rb2 {[%emt 0:00:21]} f4 {[%emt 0:00:19]} 96. Kf2 {[%emt 0:00:30]} Rf3+ {[%emt 0:00:22]} 97. Kg2 {[%emt 0:00:09]} Rg3+ {[%emt 0:00:03]} 98. Kf2 {[%emt 0:00:04]} Rc3 {[%emt 0:01:38]} 99. Ra2 {[%emt 0:00:18]} Rb3 {[%emt 0:00:02]} 100. Rc2 {[%emt 0:00:10]} Rh3 {[%emt 0:00:41]} 101. Rc8 {[%emt 0:02:16]} Rh2+ {[%emt 0:00:14]} 102. Kg1 {[%emt 0:00:22]} Re2 {[%emt 0:00:05]} 103. Rc3 {[%emt 0:00:40]} Re3 {[%emt 0:00:06]} 104. Rc2 {[%emt 0:00:13]} Kf3 {[%emt 0:01:52]} 105. Rf2+ {[%emt 0:00:13]} Kg4 {[%emt 0:00:16]} 106. Ra2 {[%emt 0:00:31]} Rh3 {[%emt 0:01:03]} 107. Ra8 {[%emt 0:01:06]} Kg3 {[%emt 0:00:35]} 108. Rg8+ {[%emt 0:00:15]} Kf3 {[%emt 0:00:05]} 109. Ra8 {[%emt 0:00:02]} Rg3+ {[%emt 0:01:14]} 110. Kf1 {[%emt 0:00:01]} Ke4 {[%emt 0:00:26]} 111. Kf2 {[%emt 0:00:29]} Rf3+ {[%emt 0:00:04]} 112. Ke2 {[%emt 0:00:08]} Re3+ {[%emt 0:00:14]} 113. Kf2 {[%emt 0:00:01]} Rf3+ 1/2-1/2

[Event "Norm Congress-IM 2019"]
[Site "Saint Louis"]
[Date "2019.05.18"]
[Round "4.3"]
[White "Ezra Paul Chambers"]
[Black "Rosen, Eric"]
[Result "0-1"]
[WhiteElo "2241"]
[BlackElo "2338"]
[Annotator "RC"]
[PlyCount "68"]
[EventDate "2019.05.16"]
[EventType "tourn"]
[EventCountry "USA"]
[SourceTitle "playchess.com"]
[Source "ChessBase"]
[SourceQuality "1"]
[TimeControl "5400+30"]

1. e4 {[%emt 0:00:00]} e5 {[%emt 0:00:00]} 2. Nf3 {[%emt 0:00:00]} Nc6 {[%emt 0:00:00]} 3. Bb5 {[%emt 0:01:31]} a6 {[%emt 0:00:00]} 4. Ba4 {[%emt 0:00:03]} Nf6 {[%emt 0:00:00]} 5. d3 {[%emt 0:00:51]} b5 {[%emt 0:03:23]} 6. Bb3 {[%emt 0:00:05]} Bc5 {[%emt 0:01:12]} 7. Nc3 {[%emt 0:00:32]} h6 {[%emt 0:02:32]} 8. Nd5 {[%emt 0:02:01]} d6 {[%emt 0:02:49]} 9. c3 {[%emt 0:01:41]} Rb8 {[%emt 0:03:48]} 10. O-O {[%emt 0:09:19]} O-O {[%emt 0:02:24]} 11. h3 {[%emt 0:08:22]} Nxd5 {[%emt 0:12:04]} 12. exd5 {[%emt 0:02:27]} Ne7 {[%emt 0:00:06]} 13. d4 {[%emt 0:00:24]} exd4 {[%emt 0:00:20]} 14. Nxd4 {[%emt 0:00:33]} Bb7 {[%emt 0:02:53]} 15. Ne2 {[%emt 0:27:17]} Ng6 {[%emt 0:02:17]} 16. Bc2 {[%emt 0:02:45]} Qh4 {[%emt 0:01:45]} 17. b3 {[%emt 0:10:48]} Rbe8 {[%emt 0:01:52]} 18. Qd3 {[%emt 0:00:17]} Bxd5 {[%emt 0:03:54]} 19. Ng3 {[%emt 0:03:40]} Re5 {[%emt 0:04:13]} 20. a4 {[%emt 0:00:36]} Rfe8 {[%emt 0:01:24]} 21. axb5 {[%emt 0:00:36]} axb5 {[%emt 0:00:10]} 22. Bd2 {[%emt 0:02:09]} Bc6 {[%emt 0:02:51]} 23. Kh2 {[%emt 0:00:13]} Rd5 {[%emt 0:04:45]} 24. Qf3 {[%emt 0:00:17]} Ne5 {[%emt 0:01:40]} 25. Qf5 {[%emt 0:01:58]} Ng4+ {[%emt 0:02:00]} 26. Qxg4 {[%emt 0:00:06]} Qxg4 {[%emt 0:00:04]} 27. hxg4 {[%emt 0:00:07]} Rxd2 {[%emt 0:00:03]} 28. Ra2 {[%emt 0:00:28]} Rxf2 {[%emt 0:01:36]} 29. Rxf2 {[%emt 0:00:19]} Bxf2 {[%emt 0:00:02]} 30. Nf5 {[%emt 0:00:25]} g6 {[%emt 0:02:18]} 31. Nxh6+ {[%emt 0:00:19]} Kg7 {[%emt 0:00:10]} 32. g5 {[%emt 0:00:07]} Be3 {[%emt 0:01:04]} 33. Ng4 {[%emt 0:00:24]} Bf4+ {[%emt 0:00:25]} 34. Kg1 {[%emt 0:00:29]} Bxg5 {[%emt 0:02:42]} 0-1